000 00489nam a2200181Ia 4500
008 090711s9999 xx 000 0 und d
082 _b43598
100 _aओशो रजनीश
245 _aताओ उपनिषदे
260 _c1977
300 _a48
600 _aओशो रजनीश
630 _aताओ उपनिषदे
700 _aओशो
700 _aओशो रजनीश
730 _aताओ उपनिषदे
942 _cBOOK
999 _c285647
_d285647